000 02622nam a22002657a 4500
001 5150453
003 UA-OsUOA
005 20201105173749.0
008 200402b un ||||| m||| 00| 0 ukr d
040 _aUA-OsUOA
_bukr
_cUA-OsUOA
_dUA-OsUOA
041 _aukr
080 _a343.9:343.347
090 _a343.9:343.347
095 _a12.00.08
_bкримінальне право та кримінологія; кримінально-виконавче право
100 _aЩирська В. С.
245 _aЗапобігання організації або утриманню місць для незаконного вживання, виробництва чи виготовлення наркотичних засобів, психотропних речовин або їх аналогів
_cЩирська Вікторія Сергіївна ; наук. керівник Вознюк Андрій Андрійович
260 _aКиїв
_c2016
300 _a20 с.
502 _6Автореферат дисертації на здобуття наукового ступеня кандидата юридичних наук
_cНаціональна академія внутрішніх справ
_d2016
520 _aДисертацію присвячено дослідженню питань щодо запобігання організації або утриманню місць для незаконного вживання, виробництва чи виготовлення наркотичних засобів, психотропних речовин або їх аналогів. Розкрито теоретико-методологічні засади дослідження проблем запобігання цим злочинам, зміст елементів їх кримінально-правової та кримінологічної характеристики, зарубіжний досвід кримінальної відповідальності за їх учинення. Розроблено систему заходів запобігання злочинам, передбаченим ст. 317 КК України, на загальносоціальному, спеціально-кримінологічному та індивідуальному рівнях.
650 _2UDC
_a343 Кримінальне право. Карні порушення
942 _2udc
_cAR
955 _a1
999 _c458693
_d458693